|
|
|
|
| LEADER |
00762nab a2200193 i 4500 |
| 001 |
acta23953 |
| 005 |
20210601150003.0 |
| 008 |
161017s1975 hu o 0|| eng d |
| 022 |
|
|
|a 0001-6721
|
| 040 |
|
|
|a SZTE Egyetemi Kiadványok Repozitórium
|b hun
|
| 041 |
|
|
|a eng
|
| 100 |
1 |
|
|a Bartók Mihály
|
| 245 |
1 |
0 |
|a Study of the transformation of 1,3-dioxalcycloalkanes on a platinum catalyst
|h [elektronikus dokumentum] :
|b Experimental results and discussion : Review article /
|c Bartók Mihály
|
| 260 |
|
|
|c 1975
|
| 300 |
|
|
|a 49-68
|
| 490 |
0 |
|
|a Acta physica et chemica
|v 21 No. 1-2
|
| 695 |
|
|
|a Természettudomány, Fizika, Kémia
|
| 700 |
0 |
1 |
|a Apjok József
|e aut
|
| 856 |
4 |
0 |
|u http://acta.bibl.u-szeged.hu/23953/1/phys_chem_021_fasc_001_002_049-068.pdf
|z Dokumentum-elérés
|